Music Quiz

Random Music or Classical Quiz

Composer Nationality Match Quiz Stats

Quiz Updated Jul 25, 2013

Challenge
Share
Tweet
Score 0/10 Timer 05:00
0 Plays Today
% Correct
Tchaikovsky
91.3%
Vivaldi
88.5%
Copland
71.1%
Beethoven
62.6%
Ravel
61.8%
Purcell
61.5%
de Falla
51.5%
Mozart
46.3%
Dvořák
30.9%
Liszt
30.5%

You're not logged in!

Compare scores with friends on all Sporcle quizzes.
Join for Free
OR
Log In

You Might Also Like...

Show Comments

Extras

Top Quizzes Today


Score Distribution

Your Account Isn't Verified!

In order to create a playlist on Sporcle, you need to verify the email address you used during registration. Go to your Sporcle Settings to finish the process.

Report this User

Report this user for behavior that violates our Community Guidelines.

Details: